| 000 -LEADER |
| fixed length control field |
00600nam a22001337a 4500 |
| 040 ## - CATALOGING SOURCE |
| Transcribing agency |
RUA |
| 082 ## - DEWEY DECIMAL CLASSIFICATION NUMBER |
| Classification number |
AGR SEB 2021 B1-570 Or. |
| 100 ## - MAIN ENTRY--AUTHOR NAME |
| Personal name |
SEB SOSAKARA ស៊ឹប សូស័ក្ករ៉ា |
| 245 ## - TITLE STATEMENT |
| Title |
POSSIBILITY OF CULTIVATING BOENG TOMPUN WATER CONVOL VULUS ON THE MAINLAND លទ្ធភាពដាំដុះពូជត្រកួនបឹងទំពុនមកដាំលើដីគោក |
| 260 ## - PUBLICATION, DISTRIBUTION, ETC. (IMPRINT) |
| Place of publication |
PHNOM PENH |
| Name of publisher |
RUA |
| Year of publication |
2021 |
| 300 ## - PHYSICAL DESCRIPTION |
| Number of Pages |
IX. 30P |
| Other physical details |
VII. |
| Dimensions |
29CM |
| 856 ## - ELECTRONIC LOCATION AND ACCESS |
| Uniform Resource Identifier |
https://drive.google.com/file/d/1LZcBUIMiICSj5u2pnmjQyS2y5T5liEM9/view?usp=sharing |
| 942 ## - ADDED ENTRY ELEMENTS (KOHA) |
| Koha item type |
AGR |
| 952 ## - LOCATION AND ITEM INFORMATION (KOHA) |
| Withdrawn status [LOCAL, KOHA] |
0 |
| 952 ## - LOCATION AND ITEM INFORMATION (KOHA) |
| Withdrawn status [LOCAL, KOHA] |
0 |
| 952 ## - LOCATION AND ITEM INFORMATION (KOHA) |
| Withdrawn status [LOCAL, KOHA] |
0 |
| 952 ## - LOCATION AND ITEM INFORMATION (KOHA) |
| Withdrawn status [LOCAL, KOHA] |
0 |